| 000 | 00000nam##2200000za#4500 |
| 001 | 9.600902 |
| 003 | CaOODSP |
| 005 | 20210624205818 |
| 007 | cr ||||||||||| |
| 008 | 150406|1998||||xxc|||||o f|0| 0 fre|d |
| 040 | |aCaOODSP|bfre |
| 043 | |an-cn--- |
| 086 | 1 |aNM95-57/3-4-1998F-PDF |
| 110 | 1 |aCanada.|bPatrimoine canadien. |bInstitut canadien de conservation. |
| 245 | 10|aLes psoques, des indicateurs d'humidité / |h[ressource électronique]|cpar Tom Strang. |
| 260 | |aOttawa - Ontario : |bPatrimoine canadien. |cc1998. |
| 300 | |a2p.|bfigure, références |
| 490 | 1 |aNotes de l'ICC|v3/4 |
| 500 | |aLe nº de catalogue (NM95-57/3-4-1998F) et l'ISSN (1191-7237) de l'édition imprimée ont été incorrectement copiés dans cette édition électronique. |
| 590 | |a11-10-Supp|b2011-07-11 |
| 720 | 1 |aStrang, Tom |
| 775 | 08|tPsocids or "book lice" : |w(CaOODSP)9.570135 |
| 830 | #0|aNotes de l'ICC ;|v3/4|w(CaOODSP)9.502751 |
| 856 | 40|ahttp://publications.gc.ca|qPDF|s714 Ko|uhttps://publications.gc.ca/collections/collection_2011/pc-ch/NM95-57-3-4-1998-fra.pdf|y3/4 |